Results

Below are the most and least guessed answers to the given questions, as well as how your score stacks up against everyone else who took this quiz.
Play Again

The Baby Names: Unusual Celebrity Quiz has been played 110,712 times (2 today)
Baby Name(s) Celebrity/Parents % Correct
SuriTom Cruise & Katie Holmes
83.9%
Apple, MosesGwyneth Paltrow & Chris Martin
73.6%
Rumer, Scout, TallulahDemi Moore & Bruce Willis
65.3%
Brooklyn, Cruz, RomeoDavid & Victoria Beckham
57.9%
Kingston, ZumaGwen Stefani & Gavin Rossdale
49.8%
Moon Unit, Dweezil, Ahmet, Diva MuffinFrank Zappa
43.5%
Phinnaeus, HazelJulia Roberts
41%
Coco RileyCourteney Cox & David Arquette
37.6%
Harlow Winter Kate, Sparrow James MidnightNicole Richie & Joel Madden
37.2%
Bronx MowgliAshlee Simpson-Wentz & Pete Wentz
33.4%
JermajestyJermaine Jackson
33.4%
Fifi Trixiebelle, Peaches Honeyblossom, PixieBob Geldof
21.8%
IrelandKim Basinger & Alec Baldwin
21.4%
Baby Name(s) Celebrity/Parents % Correct
Kal-elNicolas Cage
19.2%
Pilot InspektorJason Lee & Beth Riesgraf
16.5%
SatchelSpike Lee
15.3%
Elijah BlueCher & Gregg Allman
15%
Hopper JackSean Penn & Robin Wright
12.4%
Moxie CrimeFighter, ZoltenPenn Jillette
10.8%
Diezel, DenimToni Braxton
4.3%
Rocket, Racer, Rebel, Rogue, RhiannonRobert Rodriguez
4.3%
Seven SiriusErykah Badu & Andre Benjamin
3.7%
Audio ScienceShannyn Sossamon
3.1%
BanjoRachel Griffiths
2.5%
Teddy Jo, Justice, Hud, Spec WildhorseJohn Mellencamp
2.2%
Reignbeau, FreedomVing Rhames
1.3%
 
Number % Answered
26 (all)
0.3%
23-25
0.5%
20-22
1.3%
17-19
2.9%
14-16
5.6%
11-13
11.1%
8-10
19%
5-7
23.6%
2-4
26.9%
1-1
8.9%

You might also like these games:
Hidden NamesWho's Watching The Children?South Park Celebrities
There are 124 comments for this game.
(Warning: comments may contain spoilers)

Baby Names: Unusual Celebrity Quiz

  1. by imaginary_friend
  • Created Sep 27, 2009 in Entertainment
  • Featured May 23, 2010
  • Game Plays 110,712
Embed Game

Remember, Sporcle is now...

Friend Scores and Standings

Loading friend results....